00354nam a2200109Ia 4500008004100000082000800041100002100049245005600070942000600126952009700132999001500229240331s9999 xx 000 0 und d bWOM aMartens, M.H. ed 0aWomen in trade unions :borganizing the unorganized cL 001040708LaWERCLbWERCLcSSCd2024-03-31l0o 331.4 WOMp3931r2024-03-31w2024-03-31yL c2682d2682